000 00579nam a2200229Ia 4500
003 OSt
005 20221005131345.0
006 a|||||r|||| 00| 0
007 ta
008 221004b |||||||| |||| 00| 0 mal d
024 _a55063
037 _cTextual
040 _aCRL
_cCRL
_bmal
041 _2mal
_amal
082 _aO32,1M69j, L0
100 _aNayar S.K.
_9581850
245 0 _aSivolly smaraka Grandham
260 _c1970
650 _aMALAYALAM LITERATURE
_938866
942 _hO32,1M69j, L0
_cTEXL
_2cc
999 _c1060099
_d1060099